Československá fotografie
| Previous Title: | Photo Life |
|---|---|
| Format: | Journal |
| Language: | Czech |
| PhysicalDescription: | zv. 30 cm |
| Published: |
Praha
Photo life
2010-
Miličín Wifcom - Visual World Group Sedlčany Jan Karbusický - Double Dream Ranch |
| ISSN: | 1804-5200 1211-8214 |
| Subjects: | |
| Online Access: | http://www.csfotografie.cz/obsah-cs-fotografie/blog.html |
MARC
| LEADER | 00000cas a22000002a 4500 | ||
|---|---|---|---|
| 001 | vtls010176380 | ||
| 003 | SK-MaSNL | ||
| 005 | 20260228160327.0 | ||
| 008 | 101007c20109999xr br p 0 b0cze c | ||
| 022 | |a 1804-5200 | ||
| 040 | |a SVKBB |b slo |c SVKBB |d SNK |e AACR2 | ||
| 041 | 0 | |a cze | |
| 044 | |a xr |c CZ | ||
| 072 | 7 | |a 77 |x Fotografia. Fotografické postupy |2 konspekt | |
| 080 | |a 77 | ||
| 080 | |a 050 | ||
| 210 | 0 | |a Českoslov. fotogr. |b (Praha) | |
| 222 | 0 | |a Československá fotografie |b (Praha) | |
| 245 | 0 | 0 | |a Československá fotografie |
| 246 | 1 | 3 | |a ČS fotografie |
| 260 | |a Praha |b Photo life |c 2010- | ||
| 260 | 2 | |3 2012-2014 |a Miličín |b Wifcom - Visual World Group | |
| 260 | 3 | |3 2015- |a Sedlčany |b Jan Karbusický - Double Dream Ranch | |
| 300 | |a zv. |c 30 cm | ||
| 310 | |a 6x ročne | ||
| 362 | 0 | |a Roč. 1, č. 1 (2010)- | |
| 500 | |a Priebežné číslovanie | ||
| 500 | |a V tiráži č. 39/2017 chybne uvedený rok 2016 | ||
| 650 | 0 | 7 | |a fotografia |2 SNKPH |9 1694 |
| 780 | 0 | 2 | |t Photo Life |x 1211-8214 |
| 852 | |a Štátna vedecká knižnica v Banskej Bystrici | ||
| 856 | 4 | 1 | |u http://www.csfotografie.cz/obsah-cs-fotografie/blog.html |
| 910 | |a snk | ||
| 999 | |c 2162 |d 4092 | ||
| 952 | |t č. 50-55 |a SNK |b SNK |y PREZ |7 0 |p 17A1432265 |o snkČSB 6138/2019 |i snk2020/22119 |8 4 |0 0 |1 0 |4 0 |d 2020-12-08 |l 0 |r 2026-02-21 19:24:38 |w 2026-02-21 | ||
| 952 | |t č. 56-61 |a SNK |b SNK |y PREZ |7 0 |p 17A1460844 |o snkČSB 6138/2020 |i snk2021/20226 |8 4 |0 0 |1 0 |4 0 |d 2021-12-21 |l 0 |r 2026-02-21 19:52:48 |w 2026-02-21 | ||
| 952 | |t č. 68-72 |a SNK |b SNK |y PREZ |7 0 |p 17A1523119 |o snkČSB 6138/12/2022 |i snk2024/8607 |8 3 |0 0 |1 0 |4 0 |d 2024-05-30 |l 0 |r 2026-02-21 19:53:20 |w 2026-02-21 | ||
| 952 | |t č. 73-78 |a SNK |b SNK |y PREZ |7 0 |p 17A1523120 |o snkČSB 6138/13/2023 |i snk2024/8608 |8 3 |0 0 |1 0 |4 0 |d 2024-05-30 |l 0 |r 2026-02-21 19:53:20 |w 2026-02-21 | ||
| 952 | |t č. 79-84 |a SNK |b SNK |y PREZ |7 0 |p 17A1557232 |o snkČSB 6138/14/2024 |i snk2025/13563 |8 3 |0 0 |1 0 |4 0 |d 2025-08-27 |l 0 |r 2026-02-21 20:01:26 |w 2026-02-21 | ||
| 952 | |t č. 62-67 |a SNK |b SNK |y PREZ |7 0 |p 17A1465710 |o snkČSB 6138/2021 |i snk2023/4494 |8 3 |0 0 |1 0 |4 0 |d 2023-03-15 |l 0 |r 2026-02-21 20:12:24 |w 2026-02-21 | ||
| 952 | |t č. 44-49, neúplné |a SNK |b SNK |y PREZ |7 0 |p 17A1368165 |o snkČSB 6138/2018 |i snk2019/17513 |8 4 |z Chýba č. 46, 47 |0 0 |1 0 |4 0 |d 2019-06-27 |l 0 |r 2026-02-21 22:15:05 |w 2026-02-21 | ||
| 952 | |t č. 33-38 |a SNK |b SNK |y PREZ |7 0 |p 17A1206787 |o snkČSB 6138/2016 |i snk2017/12506 |8 4 |0 0 |1 0 |4 0 |d 2017-05-30 |l 0 |r 2026-02-21 22:17:56 |w 2026-02-21 | ||
| 952 | |t č. 21-26, neúplné |a SNK |b SNK |y PREZ |7 0 |p 17A1095643 |o snkČSB 6138/2014 |i snk2016/13904 |8 4 |z chýba č. 21-24 |0 0 |1 0 |4 0 |d 2016-05-30 |l 0 |r 2026-02-21 22:24:03 |w 2026-02-21 | ||
| 952 | |t č. 27-32, neúplné |a SNK |b SNK |y PREZ |7 0 |p 17A1095644 |o snkČSB 6138/2015 |i snk2016/13906 |8 4 |z chýba č. 28 |0 0 |1 0 |4 0 |d 2016-05-30 |l 0 |r 2026-02-21 22:24:03 |w 2026-02-21 | ||
| 952 | |t č. 39-43 |a SNK |b SNK |y PREZ |7 0 |p 17A1343120 |o snkČSB 6138/2017 |i snk2019/5794 |8 4 |0 0 |1 0 |4 0 |d 2019-03-04 |l 0 |r 2026-02-21 22:28:35 |w 2026-02-21 | ||
| 952 | |t 1 |a SNK |b SNK |y NEVYP |7 1 |p 17A1560177 |o snkČSB 6138/15/2025 |i snk2026/7046 |h č. 85-90 |8 3 |0 0 |1 0 |2 udc |4 0 |d 2026-05-12 |l 0 |r 2026-05-12 13:51:00 |w 2026-05-12 | ||


